zpět

Detail výsledku týmu

Organza, Liberec

Datum a čas kvízu

20.5 Celkem bodů Celkový počet nahraných bodů na tomto kvízu bez doplňovacích otázek.
6. Pořadí na kvízu Konečné umístění týmu na tomto kvízu.

Zaznamenané odpovědi

# Otázka Odpověď Body Výsledky
1. V jedné české zoologické zahra... v Olomouci 0
2. V pondělním rozhovoru pro míst... Černá Hora 0
3. V sobotu proběhl velkolepý kon... Rio de Janeiro 0
4. Minulý týden byl na aukci v ji... (zlaté) hodinky 0
5. Co způsobilo posunutí začátku... C) na hřišti se usadil včelí roj 1
6. Vítězné téma facebookového hla... Méďové 0
7. Jak se jmenoval herec, který v... Ladislav Trojan 0
8. Který zahraniční dětský seriál... Tlapková patrola 1
9. „Chip, Chip, Chip, Chip a Dale... tajně vinu/fintu svou 1
10. Ze které země pochází seriál V... z Japonska 0